Programación matemática / (Record no. 5427)

MARC details
000 -LEADER
campo de control de longitud fija 00696nam a2200241 i 4500
001 - NÚMERO DE CONTROL
campo de control 5427
003 - IDENTIFICADOR DE NÚMERO DE CONTROL
campo de control ES-MaACL
005 - FECHA Y HORA DE LA ÚLTIMA TRANSACCIÓN
campo de control 20250903023017.0
007 - CAMPO FIJO DE DESCRIPCIÓN FÍSICA--INFORMACIÓN GENERAL
campo de control de longitud fija t|
008 - DATOS DE LONGITUD FIJA--INFORMACIÓN GENERAL
campo de control de longitud fija 880615s1987 sp ||||1| spa d
020 ## - NÚMERO INTERNACIONAL ESTÁNDAR DEL LIBRO
Número Internacional Estándar del Libro 84-7288-013-3
080 ## - NÚMERO DE LA CLASIFICACIÓN DECIMAL UNIVERSAL
Número de la Clasificación Decimal Universal 51:621-52
080 ## - NÚMERO DE LA CLASIFICACIÓN DECIMAL UNIVERSAL
Número de la Clasificación Decimal Universal 621-52:51
100 1# - ENTRADA PRINCIPAL--NOMBRE DE PERSONA
Nombre de persona Balbás, Alejandro.
9 (RLIN) 24836
245 10 - MENCIÓN DEL TÍTULO
Título Programación matemática /
Mención de responsabilidad, etc. Alejandro Balbás, José Antonio Gil.
260 ## - PUBLICACIÓN, DISTRIBUCIÓN, ETC.
Lugar de publicación, distribución, etc. Madrid :
Nombre del editor, distribuidor, etc. AC,
Fecha de publicación, distribución, etc. D.L.1987.
300 ## - DESCRIPCIÓN FÍSICA
Extensión XI, 237 p. ;
Dimensiones 24 cm.
504 ## - NOTA DE BIBLIOGRAFÍA, ETC.
Nota de bibliografía, etc. Bibliografía.
650 17 - PUNTO DE ACCESO ADICIONAL DE MATERIA--TÉRMINO DE MATERIA
Término de materia o nombre geográfico como elemento de entrada Programación matemática
Fuente del encabezamiento o término embne
9 (RLIN) 16467
700 1# - ENTRADA AGREGADA--NOMBRE PERSONAL
Nombre de persona Gil, José Antonio.
9 (RLIN) 56738
852 ## - LOCALIZACIÓN
Ubicación ES-MaACL
Número de control de estantería L-12109
Sublocalización o colección R.115131
Nota libre . - Rust.
Holdings
Estatus retirado Estado de pérdida Estado de daño No para préstamo Biblioteca de origen Biblioteca actual Ubicación en estantería Fecha de adquisición Fuente de adquisición Total de préstamos Signatura topográfica completa Código de barras Visto por última vez Precio de reemplazo Tipo de ítem Koha
        Biblioteca del Ateneo de Madrid Biblioteca del Ateneo de Madrid Depósito 2 17/01/2008     L-12109 1005494 23/02/2023 23/02/2023 Libro impreso